Countries with embassies and consulates in Papua New Guinea - Statistics

General Stats
  • This quiz has been taken 145 times
  • The average score is 13 of 15
Answer Stats
Continent Country % Correct
Oceania Australia
97%
Asia China
97%
North America United States of America
97%
Europe United Kingdom
95%
Oceania Fiji
94%
Asia Indonesia
94%
Asia Japan
94%
Oceania New Zealand
94%
Asia India
89%
Europe France
88%
Asia South Korea
84%
Asia Malaysia
81%
Oceania Solomon Islands
78%
Asia the Philippines
78%
Europe Vatican City
59%
No matching quizzes found
Score Distribution
Percent of People with Each Score
Percentile by Number Answered
Your Score History
You have not taken this quiz